Perhubungan perusahaan di Malaysia

Bibliographic Details
Main Author: Aminuddin, Marilyn (Author)
Format: Book
Published: Singapore : MacGraw-Hill , c1992
Subjects:

MARC

LEADER 00000cam a2200000 7i4500
001 0000008173
005 20041101093000.0
008 021119s1992
020 |a 0071125043 
090 0 0 |a HD6957.M4   |b M3 
100 0 |a Aminuddin, Marilyn ,   |e author 
245 1 0 |a Perhubungan perusahaan di Malaysia   |c Marily Aminuddin 
260 2 |a Singapore :   |b MacGraw-Hill ,   |c c1992 
300 |a vii, 154 p. ;   |c 22 cm. 
504 |a Includes bibliographical references (p. 115-116) and index 
650 0 |a Industrial relations   |z Malaysia 
999 |a 1000011878   |b Book   |c OPEN SHELF (30 DAYS)   |e Gong Badak Campus 
999 |a 1000011879   |b Book   |c OPEN SHELF (30 DAYS)   |e Gong Badak Campus